Insurance and behavioral economics : (Record no. 19914)
[ view plain ]
| 000 -LEADER | |
|---|---|
| fixed length control field | 01135cam a22003135a 4500 |
| 001 - CONTROL NUMBER | |
| control field | 17184832 |
| 005 - DATE AND TIME OF LATEST TRANSACTION | |
| control field | 20151017084008.0 |
| 008 - FIXED-LENGTH DATA ELEMENTS--GENERAL INFORMATION | |
| fixed length control field | 120227s2013 enka frbd f001 0 eng d |
| 020 ## - INTERNATIONAL STANDARD BOOK NUMBER | |
| International Standard Book Number | 0521608260 |
| 020 ## - INTERNATIONAL STANDARD BOOK NUMBER | |
| International Standard Book Number | 9780521608268 |
| 040 ## - CATALOGING SOURCE | |
| Original cataloging agency | DLC |
| Language of cataloging | eng |
| Transcribing agency | DLC |
| Modifying agency | EG-ScBUE |
| 082 04 - DEWEY DECIMAL CLASSIFICATION NUMBER | |
| Classification number | 368 |
| Item number | KUN |
| Edition number | 22 |
| 100 1# - MAIN ENTRY--PERSONAL NAME | |
| Personal name | Kunreuther, Howard. |
| 9 (RLIN) | 38495 |
| 245 10 - TITLE STATEMENT | |
| Title | Insurance and behavioral economics : |
| Remainder of title | Improving decisions in the most misunderstood industry / |
| Statement of responsibility, etc | Howard C. Kunreuther, Mark V. Pauly, Stacey McMorrow. |
| 246 34 - VARYING FORM OF TITLE | |
| Title proper/short title | Insurance & behavioral economics : |
| Remainder of title | improving decisions in the most misunderstood industry |
| 260 ## - PUBLICATION, DISTRIBUTION, ETC. (IMPRINT) | |
| Place of publication, distribution, etc | Cambridge : |
| Name of publisher, distributor, etc | Cambridge University Press, |
| Date of publication, distribution, etc | 2013. |
| 300 ## - PHYSICAL DESCRIPTION | |
| Extent | xii, 329 p. : |
| Other physical details | ill. ; |
| Dimensions | 24 cm |
| 500 ## - GENERAL NOTE | |
| General note | Glossary : p. 289-293. |
| 500 ## - GENERAL NOTE | |
| General note | Includes indexes. |
| 504 ## - BIBLIOGRAPHY, ETC. NOTE | |
| Bibliography, etc | Bibliography : p. 295-307. |
| 650 #0 - SUBJECT ADDED ENTRY--TOPICAL TERM | |
| Topical term or geographic name as entry element | Risk (Insurance) |
| Source of heading or term | BUEsh |
| 9 (RLIN) | 12221 |
| 650 #0 - SUBJECT ADDED ENTRY--TOPICAL TERM | |
| Topical term or geographic name as entry element | Insurance |
| General subdivision | Decision making. |
| Source of heading or term | BUEsh |
| 650 #0 - SUBJECT ADDED ENTRY--TOPICAL TERM | |
| Topical term or geographic name as entry element | Consumer behavior. |
| Source of heading or term | BUEsh |
| 651 ## - SUBJECT ADDED ENTRY--GEOGRAPHIC NAME | |
| Source of heading or term | BUEsh |
| 653 ## - INDEX TERM--UNCONTROLLED | |
| Resource For college | BAEPS, Economics |
| Arrived date list | June2015 |
| -- | October2015 |
| 700 1# - ADDED ENTRY--PERSONAL NAME | |
| Personal name | Pauly, Mark V., |
| Dates associated with a name | 1941- |
| 700 1# - ADDED ENTRY--PERSONAL NAME | |
| Personal name | McMorrow, Stacey. |
| 942 ## - ADDED ENTRY ELEMENTS (KOHA) | |
| Source of classification or shelving scheme | Dewey Decimal Classification |
| Call number prefix | 368 KUN |
| Withdrawn status | Lost status | Source of classification or shelving scheme | Damaged status | Not for loan | Koha collection | Home library | Current library | Shelving location | Date acquired | Source of acquisition | Cost, normal purchase price | Serial Enumeration / chronology | Total Checkouts | Full call number | Barcode | Date last seen | Cost, replacement price | Koha item type |
|---|---|---|---|---|---|---|---|---|---|---|---|---|---|---|---|---|---|---|
| Dewey Decimal Classification | Alahram | Central Library | Central Library | First floor | 24/06/2015 | Purchase | 270.00 | 317 | 368 KUN | 000038774 | 15/07/2025 | 337.50 | Book - Borrowing |